Statistiche per Valuta precedente all'Euro

Clicka qui per fare il quiz!

Statistiche generali

  • Questo quiz è stato fatto 14 volte
  • Il punteggio medio è 13 su 20

Statistiche sulle risposte

NazioneValuta precedente% Corretto
BelgioFranco belga
100%
FranciaFranco francese
100%
LussemburgoFranco lussemburghese
100%
CiproLira cipriota
100%
ItaliaLira italiana
100%
MaltaLira maltese
100%
FinlandiaMarco finlandese
92%
GermaniaMarco tedesco
92%
SlovacchiaCorona slovacca
69%
GreciaDracma greca
69%
Paesi BassiFiorino olandese
62%
SpagnaPeseta spagnola
62%
IrlandaSterlina irlandese
62%
AustriaScellino austriaco
54%
PortogalloEscudo portoghese
38%
CroaziaKuna croata
38%
SloveniaTallero sloveno
38%
LettoniaLats lettone
15%
LituaniaLitas lituano
15%
EstoniaCorona estone
8%

Distribuzione punteggi

Percentile per numero di risposta

Percentuale di utenti per punteggio

I tuoi punteggi nel tempo

Non hai fatto questo quiz